| 000 | 00442nam a2200169 i 4500 | ||
|---|---|---|---|
| 001 | 150031 | ||
| 003 | ES-MaACL | ||
| 005 | 20230906203342.0 | ||
| 007 | t| | ||
| 008 | 071025s1970 sp ||||1| cat d | ||
| 100 | 1 |
_aVallverdú, Josep. _9112965 |
|
| 245 | 1 | 0 |
_aProses de ponent / _cJosep Vallverdú. |
| 250 | _a1ª ed. | ||
| 260 |
_aBarcelona : _bDestino, _c[1970] |
||
| 300 |
_a255 p. ; _c20 cm. |
||
| 852 |
_aES-MaACL _jC-46477 _bR.75704 |
||
| 999 |
_c150031 _d150031 |
||